00928nam a2200193 a 450000100100000000500170001000800410002704000250006811000520009324500880014526000270023330000170026050502650027750000320054270000290057404900090060395201050061299900170071700002681820211025112953.0110325s1972 dr ab 000 0 spa d aDO-SdBNPbspacBNPHU2 aCorporación Dominicano de Electricidad91603510aEstudio de factibilidad Tavera-Bao para el gobierno dominicano /cFrank Richardson. aSanto Domingo:,c1972. av. ;c29 cm.2 aInforme meteorológico y ciclonogía dominicana -- Informe sobre la estimación de costo proyecto Bao -- Informe sobre la evaluación económica -- Informe sobre el sistema hidrometeorológico -- Informe sobre la operación de la hidroelétrica Tavera. aLa biblioteca posee el v. 31 aRichardson, Frank953934 aBNPD 0010718PDaPDbPDcCTd2011-03-25iLF1l0o p26818-10r2020-06-25w2020-06-25yLFPDZNo se presta c26310d26310